000 00772nam a2200253Ia 4500
003 OSt
005 20220918165539.0
006 a|||||r|||| 00| 0
007 ta
008 220917b |||||||| |||| 00| 0 eng d
020 _a8126018011 (pbk)
_c125
024 _a237,091
037 _bB267, 14/01/2009, Bharat Pustak Bhandar
_cTextual
040 _aARTS
_cARTS
_beng
041 _2eng
_aeng
082 _aO157,3M61,GO, 111P1
100 _aMukherjee Sujit Tr.
_924735
245 0 _aGora
260 _aDelhi
_bSahitya Akademi India
_c2001
300 _axxiv,497p.
_ccm.
650 _aBENGALI LITERATURE
942 _hO157,3M61,GO, 111P1
_cTEXL
_2CC
999 _c130321
_d130321